[Event "JUG-ch"]
[Site "Belgrade"]
[Date "1999.??.??"]
[Round "8"]
[White "Barlov, Dragan"]
[Black "Ilincic, Zlatko"]
[Result "0-1"]
[WhiteElo "2471"]
[BlackElo "2575"]

1.c4 c6 2.e4 d5 3.exd5 cxd5 4.d4 Nf6 5.Nc3 g6 6.cxd5 Bg7 7.Bc4 O-O 8.Nge2 Na6
9.Qb3 Nc7 10.a4 b6 11.Bf4 Bb7 12.d6 exd6 13.O-O Nh5 14.Be3 d5 15.Bd3 Ne6
16.a5 f5 17.f3 Kh8 18.a6 Bc6 19.Bb5 Bxb5 20.Qxb5 Nc7 21.Qd3 f4 22.Bf2 Qd7
23.Rfc1 Bh6 24.Rc2 Ng7 25.Na2 Nf5 26.Rac1 Ne6 27.Nb4 Bg5 28.Qb3 Rad8 29.Nc6 Rde8
30.Ne5 Qe7 31.Qxd5 Bh4 32.Bxh4 Qxh4 33.Nd7 Nexd4 34.Nxf8 Nxe2+ 35.Rxe2 Rxe2
36.Nxg6+ hxg6 37.Rc8+ Kg7 38.Rg8+ Kf6 39.Rf8+ Kg5 40.Qd8+ Re7 41.h3 Qe1+
42.Kh2 Kh5  0-1

[Event "Berlin"]
[Site "Berlin"]
[Date "1999.??.??"]
[Round "10"]
[White "Kengis, Edvins"]
[Black "Velicka, Petr"]
[Result "1-0"]
[WhiteElo "2570"]
[BlackElo "2440"]

1.c4 c6 2.Nf3 d5 3.d4 Nf6 4.Qc2 g6 5.Bf4 Bf5 6.Qb3 Qb6 7.e3 Bxb1 8.Rxb1 Nbd7
9.Bd3 Nh5 10.Qxb6 axb6 11.cxd5 Nxf4 12.exf4 Rxa2 13.dxc6 bxc6 14.Be4 Nb8
15.Ne5 Bg7 16.Ke2 O-O 17.Rhc1 Rd8 18.Bxc6 Rxd4 19.Bd5 Rxd5 20.Rc8+ Bf8 21.Rxb8 b5
22.Nc6 Rc5 23.Nb4 Ra4 24.Nd3 Rd5 25.Rc1 Rad4 26.Rc3 e6 27.Rb3 Kg7 28.Rb7 Bd6
29.g3 Re4+ 30.Kf3 Red4 31.Ke3 h5 32.h4 Kf6 33.f3 Kg7 34.Ke2 Kg8 35.Ke3 Kg7
36.Kd2 Kg8 37.Kc2 Kg7 38.R7xb5 Rxd3 39.Rxd3 Rxb5 40.Rxd6 Rc5+ 41.Kb1 Rb5
42.Rd3 Rb8 43.b3 Kf6 44.Kb2 Ke7 45.Rd4 Rb7 46.b4 Rb8 47.Kb3 f6 48.Rd1 e5
49.Rd5 Ke6 50.Rc5 exf4 51.gxf4 Rd8 52.b5 Rd3+ 53.Rc3 Rd8 54.Kb4 Kf5 55.Rc4 Rb8
56.Ka5 g5 57.fxg5 fxg5 58.Rc5+  1-0

[Event "Bretagne"]
[Site "Bretagne"]
[Date "1999.??.??"]
[Round "9"]
[White "Salaun, Yann"]
[Black "Dumitrache, Dragos"]
[Result "1-0"]
[WhiteElo "2325"]
[BlackElo "2425"]

1.c4 c6 2.e4 d5 3.cxd5 cxd5 4.exd5 Nf6 5.Nc3 Nxd5 6.Nf3 Nc6 7.Bc4 e6 8.O-O Be7
9.Qe2 O-O 10.Rd1 Nb6 11.Bb3 Nd4 12.Nxd4 Qxd4 13.d3 Bd7 14.Be3 Qd6 15.Bxb6 Qxb6
16.d4 Bb4 17.Ne4 Bb5 18.Qh5 Qa6 19.Bc2 f5 20.Ng3 Bc4 21.Qh4 Rac8 22.a3 Bd6
23.Nh5 Be2 24.Rd2 Bb4 25.Rxe2 Qxe2 26.Bb3 Bd6 27.Rf1 Rc7 28.Nf4 Bxf4 29.Qxf4 Rd7
30.Rc1 Kh8 31.g3 Qxb2 32.Bxe6 Rxd4 33.Qe3 f4 34.gxf4 Rdxf4 35.Qxf4 Qxa3 36.Qe3 Qa4
37.Qc5 Re8 38.Qc8 h6 39.Bd7  1-0

[Event "Budapest FS09 Elo"]
[Site "Budapest"]
[Date "1999.??.??"]
[Round "4"]
[White "Ostermeier, Ralf"]
[Black "Broehl, Stefan"]
[Result "0-1"]
[WhiteElo "2000"]
[BlackElo "2195"]

1.c4 c6 2.Nf3 d5 3.cxd5 cxd5 4.d4 Nc6 5.Nc3 Nf6 6.Bf4 a6 7.e3 Bg4 8.h3 Bxf3
9.Qxf3 e6 10.g4 Bb4 11.Rc1 Qa5 12.Bd3 Bxc3+ 13.bxc3 Qxa2 14.Bd6 Rd8 15.Bg3 Qa3
16.O-O O-O 17.Bh4 Qe7 18.e4 dxe4 19.Bxe4 Qd7 20.Bxf6 gxf6 21.Qxf6 Ne7 22.h4 Nd5
23.Bxd5 Qxd5 24.h5 Qe4 25.Kh2 Rd5 26.Rce1 Qxg4 27.Re5 Rxe5 28.Qxe5 f6 29.Qc5 Qh4+
30.Kg2 b6 31.Qe7 Qg4+ 32.Kh2 Qxh5+ 33.Kg3 Qf7 34.Qd6 Rc8 35.Rc1 Kh8 36.Kh4 Qc7
37.Qxc7 Rxc7 38.Re1 Rc6 39.Kg4 Kg7 40.f4 Kg6 41.f5+ exf5+ 42.Kf4 Rxc3 43.Rg1+ Kf7
44.Kxf5 b5 45.Rh1 Rf3+ 46.Ke4 Ra3 47.Rxh7+ Ke6 48.Rh6 Ra4  0-1

[Event "Budapest FS08 Elo"]
[Site "Budapest"]
[Date "1999.??.??"]
[Round "5"]
[White "Jansen, F."]
[Black "Mihok, Laszlo"]
[Result "1/2-1/2"]
[WhiteElo "2100"]
[BlackElo "2185"]

1.c4 c6 2.Nf3 d5 3.d4 Nf6 4.e3 Bf5 5.Nc3 e6 6.cxd5 exd5 7.Bd3 Bxd3 8.Qxd3 Nbd7
9.O-O Be7 10.Rb1 a5 11.Bd2 O-O 12.Rfc1 Re8 13.Ne2 Ne4 14.Be1 Nb6 15.Nd2 Bd6
16.Ng3 Qh4 17.Ndxe4 dxe4 18.Qe2 Nd5 19.a3 a4 20.b4 Re6 21.h3 Qg5 22.Qh5 Qxh5
23.Nxh5 g6 24.Ng3 Bxg3 25.fxg3 Nxe3 26.b5 Nf5 27.Rb4 cxb5 28.d5 Ree8 29.Rxb5 Nd4
30.Rb2 Nb3 31.Rd1 Rac8 32.d6 Red8 33.Re2 f5 34.g4 Kf7 35.gxf5 gxf5 36.g4 Ke6
37.Bh4 Rd7 38.gxf5+ Kxf5 39.Rf1+ Ke6  1/2-1/2

[Event "Cannes op"]
[Site "Cannes"]
[Date "1999.??.??"]
[Round "2"]
[White "Voiska, Margarita"]
[Black "Trommsdorf, Fro"]
[Result "1-0"]
[WhiteElo "2364"]
[BlackElo "2176"]

1.c4 c6 2.Nf3 Nf6 3.e3 e6 4.b3 d5 5.Bb2 Nbd7 6.d4 Bd6 7.Nbd2 Qa5 8.Bd3 Ne4
9.O-O f5 10.Bxe4 fxe4 11.Ng5 Nf6 12.f3 h6 13.Nh3 Qc7 14.fxe4 e5 15.c5 Be7
16.dxe5 Ng4 17.exd5 cxd5 18.b4 g5 19.e4 Qc6 20.Nb3 d4 21.Nxd4 Qxe4 22.Nb5 Qc6
23.Nd6+  1-0

[Event "Canovelles opA"]
[Site "Canovelles"]
[Date "1999.??.??"]
[Round "6"]
[White "Mas Recorda, P."]
[Black "Bosque Ortega, Xavier"]
[Result "1/2-1/2"]
[WhiteElo "2220"]
[BlackElo "2340"]

1.c4 c6 2.Nf3 d5 3.cxd5 cxd5 4.d4 Nc6 5.Nc3 Nf6 6.e3 g6 7.Bd3 Bg7 8.Bd2 O-O
9.h3 Re8 10.O-O e5 11.dxe5 Nxe5 12.Nxe5 Rxe5 13.Nb5 Ne4 14.Nd4 Rh5 15.f4 Bxd4
16.exd4 Nxd2 17.Qxd2 Bf5 18.Bxf5  1/2-1/2

[Event "Moravia-chT 9899"]
[Site "CZE"]
[Date "1999.??.??"]
[Round "6"]
[White "Mudrak, Josef"]
[Black "Talla, Vladimir"]
[Result "0-1"]
[WhiteElo "2290"]
[BlackElo "2305"]

1.c4 c6 2.d4 d5 3.Nf3 Nf6 4.Nc3 e6 5.cxd5 exd5 6.Bg5 Be7 7.e3 Bf5 8.Qb3 Qb6
9.Be2 Qxb3 10.axb3 Nbd7 11.O-O O-O 12.h3 h6 13.Bxf6 Nxf6 14.Rfc1 Bd6 15.Na4 Nd7
16.Nc5 Nxc5 17.dxc5 Bc7 18.Ra4 a6 19.Rb4 Rab8 20.Nd4 Bd7 21.Bd3 f5 22.Ne2 g5
23.Nc3 Kg7 24.Rd1 Ba5 25.Ra4 Bd8 26.f4 Be7 27.b4 Bf6 28.fxg5 Bxg5 29.e4 fxe4
30.Bxe4 Bf5 31.Bxf5 Rxf5 32.Ra3 Re8 33.Rd3 Re1+  0-1

[Event "CZE-chT 9899"]
[Site "CZE"]
[Date "1999.??.??"]
[Round "8"]
[White "Pacovsky, Jiri"]
[Black "Talla, Vladimir"]
[Result "1/2-1/2"]
[WhiteElo "2340"]
[BlackElo "2335"]

1.c4 c6 2.Nf3 Nf6 3.g3 d5 4.b3 Bg4 5.Bg2 Nbd7 6.Bb2 e6 7.O-O Be7 8.d3 O-O
9.Nbd2 a5 10.Qc2 a4 11.Rfe1 Qb6 12.Rad1 axb3 13.axb3 Ra2 14.Ra1 Rfa8 15.Rxa2 Rxa2
16.Ra1 Qa5 17.Rxa2 Qxa2 18.Qc3 Ba3 19.Bxa3 Qxa3 20.h3 Bxf3  1/2-1/2

[Event "Moravia-chT 9899"]
[Site "CZE"]
[Date "1999.??.??"]
[Round "10"]
[White "Berezjuk, Sergej"]
[Black "Zurek, Milan"]
[Result "1/2-1/2"]
[WhiteElo "2405"]
[BlackElo "2450"]

1.c4 c6 2.d4 d5 3.Nf3 Nf6 4.Qc2 dxc4 5.Qxc4 Bf5 6.g3 e6 7.Bg2 Nbd7 8.O-O Be7
9.Nc3 O-O 10.e3 Ne4 11.Nd2 Nxd2 12.Bxd2 e5 13.e4 exd4 14.exf5 dxc3 15.Bxc3 Bf6
16.Rad1 Qc7 17.b4 a6 18.Bxf6 Nxf6 19.a4 Rac8 20.Rd4 Rfd8 21.Rfd1 h6 22.h3 Rxd4
23.Qxd4 Re8 24.g4 Re7 25.Qc5 Rd7 26.Rb1 Qd6 27.Qxd6 Rxd6 28.b5 cxb5 29.axb5 Rb6
30.Bf1 Kf8 31.Kg2 axb5 32.Rxb5 Rxb5 33.Bxb5 Ke7 34.Bc4 Ne4 35.f4 Nc3 36.Kf3 b5
37.Bb3 f6 38.h4 Kd6 39.g5 h5 40.Ke3 Kc5 41.Kd3 b4 42.Bf7 Nd5 43.Ke4 Nc3+  1/2-1/2

[Event "CZE-chT 9899"]
[Site "CZE"]
[Date "1999.??.??"]
[Round "11"]
[White "Hausner, Ivan"]
[Black "Talla, Vladimir"]
[Result "1/2-1/2"]
[WhiteElo "2415"]
[BlackElo "2335"]

1.c4 c6 2.e4 d5 3.exd5 cxd5 4.d4 Nf6 5.Nc3 e6 6.Nf3 Be7 7.Bf4 O-O 8.c5 Nc6
9.Bb5 Ne4 10.O-O Bd7 11.Re1 Nxc3 12.bxc3 b6 13.cxb6 axb6 14.Bd3 Bc8 15.Re3 Ba6
16.Bc2 g6 17.h4 Bc4 18.h5 Bf6 19.hxg6 hxg6 20.Bh6 Bg7 21.Bg5 Bf6 22.Bh6 Bg7
23.Bg5 Bf6  1/2-1/2

[Event "Dresden op"]
[Site "Dresden"]
[Date "1999.??.??"]
[Round "?"]
[White "Uhlmann, Wolfgang"]
[Black "Schneider, Henning"]
[Result "1-0"]
[WhiteElo "2460"]
[BlackElo "2185"]

1.c4 c6 2.Nf3 d5 3.e3 Nf6 4.Nc3 Bg4 5.cxd5 Bxf3 6.Qxf3 cxd5 7.b3 e6 8.Qg3 Nc6
9.Bb2 Qd6 10.Qh3 a6 11.Bd3 Be7 12.O-O h5 13.f4 O-O-O 14.Rac1 Rhg8 15.Ne2 Ng4
16.Bxa6 Kb8 17.Bb5 Qb4 18.Nc3 d4 19.Bxc6 bxc6 20.Qxh5 Nf6 21.Qe5+ Kb7 22.a3 Qxb3
23.exd4 Bd6 24.Qe2 Bc7 25.Rb1 Bb6 26.Bc1 Qc2 27.Rb2 Qf5 28.Na4 Nd7 29.Rf3 Ka7
30.Nxb6 Nxb6 31.Rfb3 Rb8 32.d3 Na4 33.Rxb8 Rxb8 34.Rxb8 Kxb8 35.Qe5+ Kb7
36.Qxf5 exf5 37.Kf2 Nc3 38.Kf3 Kb6 39.g4 fxg4+ 40.Kxg4 Kb5 41.f5 Nd5 42.Bf4 Nf6+
43.Kg5 Ne8 44.Bd2 Ka4 45.Bb4 Kb3 46.Bf8  1-0

[Event "Cataluna Club op"]
[Site "ESP"]
[Date "1999.??.??"]
[Round "?"]
[White "Lacasa Aluja, Lluis"]
[Black "Lopez Roca, Xavier"]
[Result "1/2-1/2"]
[WhiteElo "1935"]
[BlackElo "2020"]

1.c4 c6 2.Nc3 d5 3.d4 Nf6 4.Nf3 a6 5.cxd5 cxd5 6.Bg5 e6 7.e3 Be7 8.Bd3 O-O
9.O-O b5 10.Qc2 h6 11.Bh4 Nbd7 12.Rfc1 Bb7 13.Bg3 Rc8 14.Qe2 b4 15.Na4 Qa5
16.b3 Ne4 17.Bxe4 dxe4 18.Nd2 Bd5 19.Nc4 Qb5 20.Rc2 Rc6 21.Rac1 Rfc8 22.Nab2 a5
23.Qd2 Kh7 24.Nd6 Bxd6 25.Bxd6 Nb6 26.Rc5 Qa6 27.Bg3 Nd7 28.R5c2 Qb5 29.Na4 Qa6  1/2-1/2

[Event "Cataluna-chT"]
[Site "ESP"]
[Date "1999.??.??"]
[Round "6"]
[White "Narciso Dublan, Marc"]
[Black "Rosich Valles, Alfred"]
[Result "1-0"]
[WhiteElo "2500"]
[BlackElo "2370"]

1.c4 c6 2.e4 d5 3.exd5 cxd5 4.d4 dxc4 5.Bxc4 Nf6 6.Nf3 e6 7.O-O Be7 8.Nc3 O-O
9.Re1 Nc6 10.a3 b6 11.Qd3 Bb7 12.Bf4 Rc8 13.Ba2 Re8 14.Rad1 Nd5 15.Nxd5 exd5
16.Qf5 Na5 17.Ne5 Bf6 18.Ng4 Re4 19.Rxe4 dxe4 20.Be5 Rc6 21.Bxf6 gxf6 22.Nh6+ Kg7
23.Nxf7 Qa8 24.Qf4 f5 25.Qe5+  1-0

[Event "Tres Peons op"]
[Site "ESP"]
[Date "1999.??.??"]
[Round "7"]
[White "Felipo Pages, D."]
[Black "Real Pons, J."]
[Result "1-0"]
[WhiteElo "1870"]
[BlackElo "2010"]

1.c4 c6 2.Nc3 a6 3.g3 b5 4.cxb5 cxb5 5.Bg2 Nc6 6.Nf3 Bb7 7.O-O e6 8.d4 Nf6
9.d5 Nb4 10.e4 exd5 11.e5 Ne4 12.a3 Nxc3 13.bxc3 Nc6 14.Qxd5 Be7 15.Re1 Na5
16.Qd3 Nb3 17.Ra2 O-O 18.Be3 Qa5 19.Ng5 Bxg5 20.Bxb7 Bxe3 21.Bxa8 Bxf2+ 22.Kxf2 Rxa8
23.Qxd7 h6 24.Qd5 Qb6+ 25.Kg2 Nc5 26.Qxa8+ Kh7  1-0

[Event "FRA-chT 9899"]
[Site "FRA"]
[Date "1999.??.??"]
[Round "7"]
[White "Rotstein, Arkadij"]
[Black "Rausis, Igors"]
[Result "0-1"]
[WhiteElo "2493"]
[BlackElo "2508"]

1.c4 c6 2.d4 d5 3.Nf3 dxc4 4.e3 Be6 5.Nc3 b5 6.a4 b4 7.Ne4 Nf6 8.Nc5 Bd5
9.Bd2 e6 10.Bxb4 Nbd7 11.Rc1 Rb8 12.Ba3 Nxc5 13.dxc5 Bxc5 14.Bxc5 Qa5+ 15.Nd2 Qxc5
16.Qc2 O-O 17.b3 Rfd8 18.Bxc4 Bxg2 19.Rg1 Bd5 20.Qc3 Kf8 21.Bxd5 Qxc3 22.Rxc3 cxd5
23.Ke2 d4 24.exd4 Rxd4 25.Rgc1 Rdd8 26.Rc7 a6 27.Ra7 Nd5 28.Rxa6 Nf4+ 29.Ke3 g5
30.Nc4 Rxb3+ 31.Ke4 Nd3  0-1

[Event "FRA-chT 9899"]
[Site "FRA"]
[Date "1999.??.??"]
[Round "8"]
[White "Plantet, Sebastien"]
[Black "Giffard, Nicolas"]
[Result "1/2-1/2"]
[WhiteElo "2153"]
[BlackElo "2369"]

1.c4 c6 2.Nc3 d5 3.cxd5 cxd5 4.d4 Nc6 5.Bf4 e5 6.Bxe5 Nxe5 7.dxe5 d4 8.Nb1 Bc5
9.e4 dxe3 10.Qxd8+ Kxd8 11.f4 Be6 12.Nc3 Ke7 13.Nf3 Rd8 14.Rd1 Rxd1+ 15.Kxd1 Nh6
16.Bd3 Ng4 17.Ke2 Nf2 18.Rc1 Nxd3 19.Kxd3 Rd8+ 20.Ke2 Bc4+ 21.Ke1 Bd3 22.a3 a6
23.Na4 Ba7 24.Nc5 Bxc5 25.Rxc5 h6  1/2-1/2

[Event "Oberliga Ost B9899"]
[Site "GER"]
[Date "1999.??.??"]
[Round "?"]
[White "Wallrabenstein, Udo"]
[Black "Seidel, Andre"]
[Result "0-1"]
[WhiteElo "2145"]
[BlackElo "2200"]

1.c4 c6 2.Nc3 d5 3.cxd5 cxd5 4.d4 Nf6 5.Nf3 Nc6 6.Bf4 Ne4 7.e3 Nxc3 8.bxc3 g6
9.c4 Bg4 10.Qa4 Bxf3 11.gxf3 Bg7 12.Rb1 O-O 13.Rxb7 Rc8 14.Bh3 e6 15.c5 Qh4
16.Bg2 Nxd4 17.Rxa7 Nc6 18.Bg3 Qf6 19.Rb7 Qc3+ 20.Ke2 Qxc5 21.Rhb1 Ra8 22.Qb3 Na5
23.Qb4 Nxb7 24.Qxb7 Qc4+ 25.Kd1 Qd3+ 26.Kc1 Rfc8+ 27.Bc7 Qc4+ 28.Kd1 Qxc7
29.Qb3 Rcb8  0-1

[Event "Hessenliga 9899"]
[Site "GER"]
[Date "1999.??.??"]
[Round "?"]
[White "Kuech, Holger"]
[Black "Schmitzer, Horst"]
[Result "1/2-1/2"]
[WhiteElo "2240"]
[BlackElo "2265"]

1.c4 c6 2.Nf3 d5 3.e3 Nf6 4.b3 Bg4 5.Bb2 e6 6.h3 Bh5 7.Be2 Nbd7 8.d3 h6 9.Nbd2 Be7
10.O-O O-O 11.Rc1 a5 12.a3 Bg6 13.Re1 Bd6 14.d4 Qe7 15.Ne5 Bxa3 16.Nxg6 fxg6
17.Bxa3 Qxa3 18.c5 a4 19.Ra1 Qb4 20.bxa4 e5 21.Nf3 Ne4 22.Rb1 Qa5 23.Rxb7 Qd8
24.Rxd7 Qxd7 25.Nxe5 Qc7 26.f3 Nxc5 27.Nxg6 Rf6 28.Ne5 Nxa4 29.Qc2 Nb6 30.Rc1 Rc8
31.Ba6 Re8 32.Bb5 Rxe5 33.dxe5 Qxe5 34.Bxc6 Qxe3+ 35.Kh1 Rg6 36.Rb1 Qe6 37.Rxb6  1/2-1/2

[Event "Hessenliga 9899"]
[Site "GER"]
[Date "1999.??.??"]
[Round "?"]
[White "Schnitzspan, Lothar"]
[Black "Seidel, Andre"]
[Result "1/2-1/2"]
[WhiteElo "2310"]
[BlackElo "2200"]

1.c4 c6 2.b3 d5 3.Bb2 Nf6 4.e3 Bf5 5.f4 e6 6.Nf3 Nbd7 7.Be2 Qb6 8.O-O dxc4
9.Bxc4 Be7 10.Nc3 Nc5 11.Ne5 h5 12.a4 a5 13.Ba3 Rd8 14.Kh1 Nce4 15.Nxe4 Nxe4
16.d4 Bxa3 17.Rxa3 Qb4 18.Ra1 h4 19.Kg1 Nd2 20.Re1 h3 21.Ra2 Ne4 22.Qc1 hxg2
23.Rxg2 g6 24.Nd3 Qe7 25.Nf2 Qh4 26.Bd3 Nxf2 27.Bxf5 gxf5 28.Rxf2 Rg8+ 29.Rg2 Rxg2+
30.Kxg2 Qg4+ 31.Kf2 Qh4+ 32.Kg1 Qg4+ 33.Kf2 Qh4+ 34.Kg1 Qg4+ 35.Kf2  1/2-1/2

[Event "NRW-Liga I 9899"]
[Site "GER"]
[Date "1999.??.??"]
[Round "8"]
[White "Weber, Herbert"]
[Black "May, Dirk"]
[Result "1/2-1/2"]
[WhiteElo "1830"]
[BlackElo "1895"]

1.c4 c6 2.Nc3 d5 3.cxd5 cxd5 4.d4 Nf6 5.Bf4 Nc6 6.e3 e6 7.Bd3 Bd6 8.Nge2 O-O
9.Rc1 Bxf4 10.Nxf4 Bd7 11.O-O Qe7 12.a3 a6 13.Na4 b5 14.Nc5 Na5 15.b3 Rfc8
16.Bb1 Bc6 17.Qc2 g6 18.Nfd3 Ne4 19.Nxe4 dxe4 20.Nc5 Bd5 21.Ba2 Nb7 22.b4 Nd6
23.Qb1 Kg7 24.Rfd1 f5  1/2-1/2

[Event "NRW-Liga II 9899"]
[Site "GER"]
[Date "1999.??.??"]
[Round "8"]
[White "Cekro, Ekrem"]
[Black "Woerdemann, Martin"]
[Result "1/2-1/2"]
[WhiteElo "2385"]
[BlackElo "2295"]

1.c4 c6 2.b3 d5 3.Bb2 Nf6 4.Nf3 Bg4 5.e3 Nbd7 6.h3 Bh5 7.Be2 e6 8.O-O Bd6
9.d4 Ne4 10.Nbd2 f5 11.Ne5 Bxe2 12.Qxe2 Nxd2 13.Qxd2 O-O 14.Nxd7 Qxd7 15.f4 Qe7
16.Bc3 Kh8 17.c5 Bc7 18.Ba5 Bxa5 19.Qxa5 g5 20.fxg5 Qxg5 21.Qd2 Rf7 22.Rf3 Rg8
23.Raf1 Rfg7 24.R1f2 Qh5 25.Qe2 Rg6 26.b4 a6  1/2-1/2

[Event "SWZ-ch"]
[Site "Graechen"]
[Date "1999.??.??"]
[Round "?"]
[White "Zueger, Beat"]
[Black "Berezovsky, Igor"]
[Result "1/2-1/2"]
[WhiteElo "2424"]
[BlackElo "2375"]

1.c4 c6 2.e4 d5 3.cxd5 cxd5 4.exd5 Nf6 5.Nc3 Nxd5 6.Nf3 Nc6 7.Bb5 Nxc3 8.bxc3 g6
9.O-O Bg7 10.Re1 O-O 11.Ba3 Re8 12.Bxc6 bxc6 13.Qa4 Qc7 14.d4 Rb8 15.Bc5 a5
16.Qa3 Be6 17.Ne5 Rb7 18.Qc1 Rc8 19.c4 a4 20.Qc3 Rcb8 21.Nd3 Bf6 22.h3 Bf5
23.Ne5 Be6 24.Nd3 Bf5 25.Ne5 Kg7 26.g4 Be6 27.Rad1 Kg8 28.Qf3 Bxe5 29.Rxe5 Rb1
30.Ree1 Rxd1 31.Qxd1 Bxc4 32.Rxe7 Qf4 33.Qe1 Kg7 34.Re8 h6 35.Rxb8 Qxb8 36.a3 Kh7
37.Bb4 Bd5 38.Qe3 Qb5 39.f3 Qc4 40.Bd2 g5 41.h4 Qb3 42.hxg5 hxg5 43.Qxg5 Qd1+
44.Kh2 Qe2+ 45.Kg1  1/2-1/2

[Event "Hessen-ch int"]
[Site "Hessen"]
[Date "1999.??.??"]
[Round "8"]
[White "Chuchelov, Vladimir"]
[Black "Goessling, Guido"]
[Result "1-0"]
[WhiteElo "2530"]
[BlackElo "2140"]

1.c4 c6 2.e4 e5 3.Nf3 f5 4.exf5 d6 5.d4 e4 6.Ng5 Bxf5 7.g4 Bg6 8.Nc3 Nf6
9.h4 h6 10.Ne6 Qd7 11.d5 Na6 12.Bh3 Qf7 13.Qa4 Nd7 14.dxc6 Qxe6 15.cxb7 Rb8
16.Qxa6 Nc5 17.Qc6+ Kf7 18.h5 Bh7 19.g5 Bf5 20.g6+ Kg8 21.Bxf5 Qxf5 22.Be3  1-0

[Event "HUN-chT29899"]
[Site "HUN"]
[Date "1999.??.??"]
[Round "?"]
[White "Bencze, Laszlo"]
[Black "Bartha, Sandor"]
[Result "1-0"]
[WhiteElo "2330"]
[BlackElo "2265"]

1.c4 c6 2.Nf3 d5 3.b3 Bf5 4.g3 e6 5.Bg2 Be7 6.Bb2 Bf6 7.d4 Bxb1 8.Qxb1 Qa5+
9.Nd2 Nd7 10.Qc2 Ne7 11.O-O Nf5 12.Bc3 Nxd4 13.Bxa5 Nxc2 14.Rac1 Nd4 15.Rfe1 O-O
16.e3 Nf5 17.cxd5 cxd5 18.e4 dxe4 19.Nxe4 Be5 20.Rcd1 Nb6 21.Nc5 Bc7 22.Nxb7 Rab8
23.Rc1 Rbc8 24.Bb4 Rfe8 25.Bc6 Nd4 26.Bxe8 Nf3+ 27.Kf1 Nxe1 28.Bxe1 Rxe8
29.Rxc7  1-0

[Event "HUN-chT9899"]
[Site "HUN"]
[Date "1999.??.??"]
[Round "?"]
[White "Emodi, Barnabas"]
[Black "Tomcsanyi, Peter"]
[Result "0-1"]
[WhiteElo "2400"]
[BlackElo "2300"]

1.c4 c6 2.Nf3 d5 3.b3 Nf6 4.Bb2 Bf5 5.e3 e6 6.Be2 h6 7.O-O Nbd7 8.d3 Be7
9.Nbd2 O-O 10.Rc1 Bh7 11.a3 a5 12.Qc2 Bd6 13.Qb1 Qe7 14.Qa1 e5 15.cxd5 cxd5
16.d4 e4 17.Ne5 Ne8 18.Nxd7 Qxd7 19.a4 Qe7 20.Nb1 Qh4 21.g3 Qh3 22.Ba3 Bxa3
23.Qxa3 Nf6 24.Qd6 Bf5 25.Nd2 Rad8 26.Qb6 Ng4 27.Bxg4 Bxg4 28.f3 exf3 29.Nxf3 Rc8
30.Ne5 Bf5 31.Qxa5 f6 32.Nf3 Be4 33.Rxc8 Rxc8 34.Qe1 Rc6 35.Rf2 Qc8 36.Kg2 Rc1
37.Qd2 Rc2 38.Qe1 Qf5 39.Qd1 Rxf2+ 40.Kxf2 g5 41.g4 Qxg4 42.Qe2 Qf5 43.Kg3 h5
44.h4 Qg4+ 45.Kf2 gxh4 46.Nd2 Qg3+ 47.Kf1 h3 48.Nxe4 dxe4 49.a5 Kg7 50.b4 Kh6
51.Qf2 Qg5 52.d5 Qxd5 53.Qxf6+ Kh7 54.Qf4 Qd1+ 55.Kf2 Qd2+ 56.Kf1 Qg2+ 57.Ke1 Qf3
58.Qc7+ Kg6 59.Qd6+ Kg5 60.Qe7+ Kg4 61.Qg7+ Kh4 62.Qg1 Qg3+ 63.Kf1 h2 64.Qg2 Qf3+  0-1

[Event "HUN-chT29899"]
[Site "HUN"]
[Date "1999.??.??"]
[Round "?"]
[White "Deak, Sandor"]
[Black "Szuhanek, Ranko"]
[Result "1/2-1/2"]
[WhiteElo "2325"]
[BlackElo "2405"]

1.c4 c6 2.d4 d5 3.Nf3 Nf6 4.Nc3 e6 5.Bg5 h6 6.Bxf6 Qxf6 7.Qb3 dxc4 8.Qxc4 Nd7
9.e4 Qe7 10.O-O-O Qb4 11.Qe2 Nb6 12.Ne5 Be7 13.h4 O-O 14.g4 Na4 15.Nxa4 Qxa4
16.Kb1 Rd8 17.Qf3 Bf6 18.Nxf7 Rf8 19.e5 Rxf7 20.b3 Qa5 21.exf6 Qd5 22.Qh3 Rxf6
23.Bg2 Qd6 24.Be4 Rxf2 25.Bc2 Bd7 26.Qd3 Rxc2 27.Qxc2 Rf8 28.Rhf1 Rxf1 29.Rxf1 Be8
30.Qe4 a5 31.g5 hxg5 32.hxg5 a4 33.Rh1 Kf7 34.Rh7 Qg3 35.Rh4 Ke7 36.Kb2 axb3
37.axb3  1/2-1/2

[Event "HUN-chT9899"]
[Site "HUN"]
[Date "1999.??.??"]
[Round "?"]
[White "Hardicsay, Peter"]
[Black "Madl, Ildiko"]
[Result "1/2-1/2"]
[WhiteElo "2320"]
[BlackElo "2410"]

1.c4 c6 2.e4 d5 3.exd5 cxd5 4.d4 Nf6 5.Nc3 e6 6.Bg5 Be7 7.Nf3 O-O 8.Rc1 dxc4
9.Bxc4 a6 10.a4 b6 11.O-O Bb7 12.Qe2 Ra7 13.Rfd1 Bd5 14.Ne5 Bxc4 15.Qxc4 Rc7
16.Qb3 Rc8 17.h3 Nc6 18.Nxc6 Rxc6 19.d5 exd5 20.Nxd5 Rxc1 21.Nxe7+ Qxe7 22.Rxc1 Qd6
23.Be3 Nd5 24.Rd1 Rd8 25.Bxb6 Rd7 26.a5 h6 27.Qf3 Qe6 28.Bc5 Nc7 29.Rxd7 Qxd7
30.b4 Qb5 31.Qc3 Ne6 32.Be3 Qe2 33.Kh2 Kh7 34.Qe5 Qc4 35.Qf5+ Kg8 36.Qb1 Nc7
37.Qc1 Qxc1 38.Bxc1 Kf8 39.Kg3 Ke7 40.Kf3 Nd5 41.Bd2 h5 42.Ke4 Ke6 43.g3 f6
44.Kd4 Kd6 45.Kc4 Kc6 46.Be3 Nc7 47.Bc5 Ne6 48.Be3 Nc7 49.Bd4 Ne6 50.f4 h4
51.Bf2 hxg3 52.Bxg3 f5 53.Bh2 Nc7 54.Bg3  1/2-1/2

[Event "HUN-chT9899"]
[Site "HUN"]
[Date "1999.??.??"]
[Round "?"]
[White "Horvath, Gyula"]
[Black "Gemesi, Andras"]
[Result "1-0"]
[WhiteElo "2465"]
[BlackElo "2200"]

1.c4 c6 2.d4 d5 3.Nf3 Nf6 4.Qc2 e6 5.Bg5 Be7 6.e3 O-O 7.Nc3 Nbd7 8.Rd1 Qa5
9.a3 dxc4 10.Bxc4 c5 11.O-O h6 12.Bh4 cxd4 13.exd4 Nb6 14.Ba2 Qh5 15.Rfe1 Bd6
16.Bxf6 gxf6 17.Bb1 f5 18.d5 Bf4 19.Ba2 Kh8 20.Ne2 Bb8 21.dxe6 fxe6 22.Ned4 Rg8
23.Bxe6 Bxe6 24.Rxe6 Nd5 25.Qxf5 Bxh2+ 26.Kh1 Rg5 27.Qh3 Qxh3 28.gxh3  1-0

[Event "HUN-chT9899"]
[Site "HUN"]
[Date "1999.??.??"]
[Round "?"]
[White "Papp, Nandor"]
[Black "Monda, Laszlo"]
[Result "1/2-1/2"]
[WhiteElo "2160"]
[BlackElo "2160"]

1.c4 c6 2.Nc3 d5 3.d4 Nf6 4.Bg5 Be6 5.Bxf6 exf6 6.cxd5 Bxd5 7.e4 Be6 8.d5 Bd7
9.Qb3 Qb6 10.dxc6 bxc6 11.Bc4 Qxb3 12.Bxb3 Na6 13.O-O-O Nc5 14.Bc2 g6 15.Nge2 O-O-O
16.h4 h5 17.Na4 Re8 18.f3 Kc7 19.Nd4 Nxa4 20.Bxa4 Bd6 21.Rd3 Re7 22.Kb1 Rb8
23.Rc1 Rb6 24.Nb5+ Rxb5 25.Bxb5 Bf4 26.Rc4 f5 27.Ba4 fxe4 28.Rxe4 Be5 29.Rc3 Bf5
30.Rxc6+ Kb8  1/2-1/2

[Event "HUN-chT29899"]
[Site "HUN"]
[Date "1999.??.??"]
[Round "?"]
[White "Szekeres, Tibor"]
[Black "Bauman, Tibor"]
[Result "1-0"]
[WhiteElo "2210"]
[BlackElo "2150"]

1.c4 c6 2.d4 d5 3.Nf3 e6 4.Nc3 Bd6 5.Qc2 f5 6.b3 Nf6 7.Bg5 Nbd7 8.e3 Qa5
9.c5 Ne4 10.cxd6 Qxc3+ 11.Qxc3 Nxc3 12.Be7 Nf6 13.Ne5 Nce4 14.f3 Ng5 15.h4 Nf7
16.h5 Ng8 17.Nxf7 Kxf7 18.Bh4 Nf6 19.Bg3 Ke8 20.Be5 Rf8 21.Be2 Kd7 22.g4 Ne8
23.gxf5 Rxf5 24.Bd3 Rxf3 25.Ke2 Rf7 26.Raf1 Nxd6 27.Rxf7+ Nxf7 28.Bxg7 Ke7
29.Bxh7 Ng5 30.Bg6 b6 31.h6 Ba6+ 32.Kd2 Nf7 33.Rh2 Nh8 34.Bh5 c5 35.Rf2 cxd4
36.exd4 Bb5 37.Bf6+ Kd6 38.Be5+ Ke7 39.Rg2 Rf8 40.h7 Be8 41.Bxe8 Rxe8 42.Rg7+ Kd8
43.Bf6+  1-0

[Event "Kharkov"]
[Site "Kharkov"]
[Date "1999.??.??"]
[Round "6"]
[White "Grokhotov, Vladimir T"]
[Black "Shovunov, Baatr"]
[Result "0-1"]
[WhiteElo "2350"]
[BlackElo "2452"]

1.c4 c6 2.Nf3 d5 3.b3 Nf6 4.Bb2 Bg4 5.Ne5 Bh5 6.g3 e6 7.Bg2 a5 8.a3 Qb6 9.O-O Be7
10.d3 O-O 11.Qc2 Nbd7 12.Nxd7 Nxd7 13.e4 dxe4 14.dxe4 Nc5 15.Nd2 Rfd8 16.Bc3 Nd3
17.Nf3 Rd7 18.b4 axb4 19.axb4 Rxa1 20.Rxa1 Bxb4 21.Bxb4 Nxb4 22.Qb2 Rd8 23.Rb1 c5
24.h3 Qd6 25.e5 Qd7 26.Ng5 b6 27.f4 h6 28.Ne4 Bg6 29.Ra1 Bxe4 30.Bxe4 g6
31.Kg2 Qd4 32.Qxd4 Rxd4 33.Kf3 Rxc4 34.Ra8+ Kg7 35.Rb8 Rc3+ 36.Kf2 Rb3 37.g4 c4
38.f5 gxf5 39.gxf5 exf5 40.Bxf5 Nc6 41.Re8 Nd4 42.Be4 Rxh3 43.Rc8 b5 44.Rd8 Ne6
45.Rb8 c3 46.Bf5 Rh5 47.Bxe6 fxe6 48.Rxb5 c2 49.Rc5 Rh1  0-1

[Event "Kharkov"]
[Site "Kharkov"]
[Date "1999.??.??"]
[Round "13"]
[White "Nedobora, Mikhail"]
[Black "Grokhotov, Vladimir T"]
[Result "1/2-1/2"]
[WhiteElo "2465"]
[BlackElo "2350"]

1.c4 c6 2.Nf3 d5 3.g3 Nf6 4.b3 Bg4 5.Bb2 h6 6.Bg2 e6 7.O-O Be7 8.a3 a5 9.Nc3 Nbd7
10.Rc1 O-O 11.Rc2 Re8 12.Qa1 Bf8  1/2-1/2

[Event "EU-ch02 blind "]
[Site "Krynica"]
[Date "1999.??.??"]
[Round "2"]
[White "Strizhnev, Piotr"]
[Black "Wolak, Tomasz"]
[Result "1/2-1/2"]
[WhiteElo "2260"]
[BlackElo "2105"]

1.c4 c6 2.Nf3 d5 3.cxd5 cxd5 4.d4 Nc6 5.Nc3 Nf6 6.Bf4 Qb6 7.Na4 Qb4+ 8.Bd2 Qd6
9.e3 Bg4 10.Be2 Ne4 11.Rc1 e6 12.Nc5 Bxf3 13.Bxf3 Nxd2 14.Qxd2 Qc7 15.b4 Qb6
16.a3 a5 17.Rb1 axb4 18.axb4 Bxc5 19.dxc5 Qc7 20.O-O O-O 21.Rfc1 Rfd8 22.b5 Ne7
23.Be2 Ra4 24.b6 Qe5 25.Bb5 Raa8 26.c6 bxc6 27.Bxc6 Rab8 28.b7 Rd6 29.Ba4 d4
30.Bd1 dxe3 31.Qxe3 Qxe3 32.fxe3 g5 33.Bf3 Rd7 34.g4 Kg7 35.Rb5 Nd5 36.Bxd5 exd5
37.Rcb1 h6 38.R1b4 Kg6 39.Kf2 Kf6 40.Kf3 Ke6 41.Rb6+ Rd6 42.e4 Ke5 43.R6b5 Ke6
44.exd5+ Rxd5 45.Ke4 Rd2 46.Rb6+ Kd7 47.Rd4+ Rxd4+ 48.Kxd4 Kc7 49.Kc5 Kd7
50.Rb1 Kc7 51.Rb3 f6 52.Rb2 h5 53.h3 hxg4 54.hxg4 Rxb7 55.Rxb7+ Kxb7 56.Kd5 f5
57.gxf5 Kc7  1/2-1/2